000 00565nam a2200169 i 4500
001 34022
003 ES-MaACL
005 20230906154849.0
007 t|
008 030204s1902 fr ||||1| fre d
100 1 _aBoehm-Bawerk, Eugen von.
_929736
245 1 0 _aHistoire critique des theories de l'interet du capital /
_cpar Eugen von Boehm-Bawerk ; traduit sur la 2eme edit par Joseph Bernard.
260 _aParís :
_b[s.n.,
_c1902] (
_eLaval :
_fL. Barnéoud)
300 _a2 v. ;
_c23 cm.
700 1 _aBernard, Joseph.
_928243
852 _aES-MaACL
_jF-14106-7
999 _c34022
_d34022